000 00594nam a2200217Ia 4500
005 20241129115737.0
008 241129s9999||||xx |||||||||||||| ||und||
020 _a9788119141111
037 _aTB
040 _aSDCL
_beng
_cSDCL
041 _ahin
_2hin
084 _aO152,1:(Y:351) R2
_qSDCL
100 _aGore Bharti
_9728251
245 0 _aLokgeeton ka stri paksh: Dukhva mein kase kanhu
260 _aDelhi
_bAnanya Prakashan India
_c2022
300 _a199p.
365 _aINR
_b450
650 _aHindi
942 _cTB
_hO152,1:(Y:351) R2
999 _c1231822
_d1231822